00813 2200313 4500001002100000005001500021035002000036007000300056008004100059020001800100082001000118084002100128084002000149084002000169100002300189245009700212250001100309260003600320300002600356990001300382990001300395990001300408990001300421990001300434990001300447990001300460990001300473990001300486INLIS00000000000783220230711113549 a0010-0222000114ta230711 g 0 ind  a9786022629979 a910.2 a910.2 SUW s C.1 a910.2 SUW s C.2 a910.2 SUW s C.30 aSuwardi Endraswara1 aSINAR MENOREH :bKekayaan, Keindahan , dan Kedahsyatan /cProf.Dr .Suwardi Endraswara,M.Hum. aCet. 1 aYogyakarta :bGraha Ilmu,c2019 a208 hlm ;c17 x 24 cm a023.4288 a022.5606 a022.5607 a022.5608 a022.7984 a022.7985 a022.7986 a023.4286 a023.4287